000 01065nam a2200253Ia 4500
003 OSt
005 20221002045935.0
006 a|||||r|||| 00| 0
007 ta
008 220930b |||||||| |||| 00| 0 hin d
020 _a9788179752050 (hbk)
_c6300
024 _a99642
037 _b400, 22/03/2010, Swaraj Prakashan
_cReference Collections
040 _aCRL
_cCRL
_bhin
041 _2hin
_ahin
082 _aV2:51xN10x, 152P8.1-.9(RR)
100 _aलोहिया, राममनोहर
245 0 _aराममनोहर लोहिया रचनावली
260 _aनई
_bदिल्ली अनामिका पब्लिशर्स प्रा.लि. प्रा.
_c2008
490 _vभाग 1
700 _a कपूर, मस्तराम, संपा.
942 _hV2:51xN10x, 152P8.1-.9(RR)
_cref
_2CC
999 _c913447
_d913447